000 00218nam a2200097Ia 4500
008 220204s9999 xx 000 0 und d
082 _a82-3
_bROB
100 _aRobins, Denise
245 0 _aLight the candles
942 _cBK
999 _c32932
_d32932